000 00512nam a2200193Ia 4500
001 22806
003 GE_BSU
008 181216s||||||||xx |||||||||||||| ||und||
040 _cGE_BSU
245 _aЮрист. №6. 2018
245 _bФедеральный ежемесячный журнал
260 _aМосква
260 _c2018
300 _a80 стр. 29см. илл.
653 _aПериодика
653 _aЮрист. №6. 2018
653 _aპერიოდიკა
942 _cCR
999 _c55711
_d55711